000 00504nam a2200181Ia 4500
008 230917s9999||||xx |||||||||||||| ||und||
020 _cGBP58.99
040 _e235150
_aMAIN
041 _aEnglish
082 _a910.02 C466G(9)
100 _aChristopherson, Robert W
245 0 _aGeosystems: An introduction to physical geography
250 _a9th ed.
260 _aBoston
_bPearson Education
_c2015
300 _a647 p.
500 _a2402 06/10/2016 PBA16/663 07/10/2016 Main Budget
942 _cBK
999 _c19392
_d19392